Music Quiz

Random Music Quiz
Score 0/206 Timer 20:00
0 Plays Today
Artist Video % Correct
The BugglesVideo Killed the Radio Star
96.3%
The BugglesVideo Killed the Radio Star
96.3%
The PretendersBrass in Pocket
46.3%
Phil CollinsIn the Air Tonight
46.3%
Phil CollinsIn the Air Tonight
46.3%
Phil CollinsIn the Air Tonight
46.3%
Phil CollinsIn the Air Tonight
46.3%
The PretendersBrass in Pocket
46.3%
Phil CollinsIn the Air Tonight
46.3%
Stevie Nicks w/ Tom PettyStop Draggin' My Heart Around
38.9%
Stevie Nicks and Tom PettyStop Draggin' My Heart Around
38.9%
Stevie Nicks and Tom PettyStop Draggin' My Heart Around
38.9%
Stevie Nicks and Tom PettyStop Draggin' My Heart Around
38.9%
Gerry RaffertyBaker Street
35.2%
Gerry RaffertyBaker Street
35.2%
The WhoYou Better You Bet
33.3%
The WhoYou Better You Bet
33.3%
The WhoYou Better You Bet
33.3%
The WhoYou Better You Bet
33.3%
The WhoYou Better You Bet
33.3%
REO SpeedwagonKeep on Loving You (Live)
31.5%
Rod StewartDo Ya Think I'm Sexy
31.5%
BlondieRapture
31.5%
REO SpeedwagonKeep on Loving You (Live)
31.5%
BlondieRapture
31.5%
Rod StewartDo Ya Think I'm Sexy
31.5%
REO SpeedwagonKeep on Loving You
31.5%
Pat BenatarYou Better Run
29.6%
.38 SpecialHold on Loosely
29.6%
.38 SpecialHold on Loosely
29.6%
Pat Benatar You Better Run
29.6%
REO SpeedwagonTake it on the Run
25.9%
REO SpeedwagonTake it on the Run
25.9%
BlondieHeart of Glass
25.9%
REO SpeedwagonTake it on the Run
25.9%
The VaporsTurning Japanese
22.2%
Iron MaidenIron Maiden
20.4%
Split EnzI Got You
20.4%
Iron MaidenIron Maiden
20.4%
Fleetwood MacTusk
18.5%
Andrew GoldThank You for Being a Friend
18.5%
Cliff RichardWe Don't Talk Anymore
16.7%
StyxThe Best of Times
16.7%
Talking HeadsOnce in a Lifetime
16.7%
StyxThe Best of Times
16.7%
ShoesWe Don't Talk Anymore
16.7%
StyxThe Best of Times
16.7%
Andrew GoldLonely Boy
16.7%
StyxRockin' the Paradise
14.8%
Rod StewartSailing
14.8%
Rod StewartTonight's the Night (Gonna Be Alright)
14.8%
Kate BushWuthering Heights
14.8%
David BowieFashion
14.8%
StyxRockin' the Paradise
14.8%
The CarsLet's Go
14.8%
David BowieFashion
14.8%
StyxRockin' the Paradise
14.8%
Rod StewartSailing
14.8%
Robert PalmerLooking for Clues
13%
Juice NewtonAngel of the Morning
13%
Nick LoweCruel to be Kind
13%
The J. Geils BandLove Stinks
13%
Robert PalmerLooking for Clues
13%
Robert Palmer Looking for Clues
13%
Ph. DLittle Suzi's on the Up
11.1%
Iron MaidenWrathchild
11.1%
Elvis CostelloOliver's Army
11.1%
Cliff RichardDreamin'
11.1%
Iron MaidenWrathchild
11.1%
Artist Video % Correct
Ph. DLittle Suzi's on the Up
11.1%
Iron MaidenWrathchild
11.1%
Iron Maiden Wrathchild
11.1%
Ph. DLittle Suzi's on the Up
11.1%
Elvis CostelloOliver's Army
11.1%
Cliff RichardDreamin'
11.1%
Rod StewartShe Won't Dance With Me
9.3%
Split EnzHistory Never Repeats
9.3%
April WineJust Between You and Me
9.3%
Michael JohnsonBluer Than Blue
9.3%
Split EnzOne Step Ahead
9.3%
Rod StewartPassion
9.3%
April WineJust Between You and Me
9.3%
The PretendersKid
9.3%
Split EnzOne Step Ahead
9.3%
April WineJust Between You and Me
9.3%
Rod StewartShe Won't Dance With Me
9.3%
Split EnzHistory Never Repeats
9.3%
Rod StewartPassion
9.3%
UltravoxVienna
9.3%
Split EnzOne Step Ahead
9.3%
April WineJust Between You and Me
9.3%
Michael JohnsonBluer Than Blue
9.3%
April WineJust Between You and Me
9.3%
Todd RundgrenTime Heals
7.4%
Blotto I Wanna Be a Lifeguard
7.4%
Michael Stanley BandHe Can't Love You
7.4%
Rod StewartAin't Love a Bitch
7.4%
April WineSign of the Gypsy Queen
7.4%
Kate BushThe Man with the Child in His Eyes
7.4%
RainbowAll Night Long
7.4%
The SpecialsA Message to You, Rudy
7.4%
The PretendersTalk of the Town
7.4%
Robert PalmerJohnny & Mary
7.4%
Todd Rundgren Time Heals
7.4%
Rod StewartYou're in My Heart
7.4%
The PretendersTalk of the Town
7.4%
REO SpeedwagonTime for Me to Fly
7.4%
April WineSign of the Gypsy Queen
7.4%
RainbowAll Night Long
7.4%
REO SpeedwagonRoll with the Changes
7.4%
Todd RundgrenTime Heals
7.4%
Michael Stanley BandHe Can't Love You
7.4%
Robert PalmerJohnny & Mary
7.4%
Rock Pile w/ Robert PlantLittle Sister
5.6%
Rock Pile w/ Robert PlantLittle Sister
5.6%
The CarsDangerous Type
5.6%
Rockpile w/ Robert PlantLittle Sister
5.6%
Ph. DI Won't Let You Down
5.6%
Rockpile w/ Robert PlantLittle Sister
5.6%
Hall & OatesKiss on My List
5.6%
Robin Lane and the ChartbustersWhen Things Go Wrong
3.7%
The PretendersMessage of Love
3.7%
Lee RitenourMr. Briefcase
3.7%
ShoesToo Late
3.7%
Tom JohnsonSavannah Nights
3.7%
Lee RitenourIs It You
3.7%
The PretendersMessage of Love
3.7%
David BowieBoys Keep Swinging
3.7%
The SpecialsRat Race
3.7%
Cliff RichardA Little in Love
3.7%
.38 SpecialWild-Eyed Southern Boys
3.7%
RainbowCan't Happen Here
3.7%
Lee RitenourMr. Briefcase
3.7%
REO SpeedwagonRidin' the Storm Out
3.7%
Lee RitenourIs it You
3.7%
The PretendersMessage of Love
3.7%
Pete TownshendRough Boys
3.7%
RainbowCan't Happen Here
3.7%
Artist Video % Correct
GenesisTurn it on Again
3.7%
Elvis Costello and the Attractions(What's So Funny 'Bout) Peace, Love and Understanding
3.7%
.38 SpecialWild-Eyed Southern Boys
3.7%
Lee RitenourIs it You
3.7%
The PretendersMessage of Love
3.7%
The SpecialsRat Race
3.7%
Split EnzI Hope I Never
3.7%
Tom JohnstonSavannah Nights
3.7%
Andrew GoldNever Let Her Slip Away
3.7%
Cliff RichardA Little in Love
3.7%
Robin Lane and the ChartbustersWhen Things Go Wrong
3.7%
Rainbow Can't Happen Here
3.7%
David BowieBoys Keep Swinging
3.7%
The CarsDouble Life
1.9%
Rupert HineSurface Tension
1.9%
Pat BenatarI'm Gonna Follow You
1.9%
RockestraLucille
1.9%
The SilencersRemote Control/Illegal
1.9%
BootcampHold on to the Night
1.9%
REO SpeedwagonTough Guys
1.9%
Gerry Rafferty Bring It All Home
1.9%
BootcampVictim
1.9%
ShoesTomorrow Night
1.9%
RockestraLucille
1.9%
Pat BenatarI'm Gonna Follow You
1.9%
The RamonesDo You Remember Rock and Roll Radio?
1.9%
Fischer-ZSo Long
1.9%
The Who Don't Let Go the Coat
1.9%
The SilencersRemote Control/Too Illegal
1.9%
REO SpeedwagonTough Guys
1.9%
REO SpeedwagonDon't Let Him Go (Live)
1.9%
Rupert HineSurface Tension
1.9%
UltravoxPassing Strangers
1.9%
BootcampHold on to the Night
1.9%
The CarsDouble Life
1.9%
Leo SayerMore Than I Can Say
1.9%
Pat BenatarI'm Gonna Follow You
1.9%
REO SpeedwagonDon't Let Him Go
1.9%
BootcampVictim
1.9%
The PretendersTattooed Love Boys
1.9%
The SilencersPeter Gunn Theme/Remote Control
1.9%
RockestraLucille
1.9%
Rod StewartYou're Insane
1.9%
The BugglesLiving in the Plastic Age
1.9%
Carly SimonVengence
0%
The WhoDon't Let Go the Coast
0%
The SelecterCelebrate the Bullet
0%
Leo SayerMore Than You Can Say
0%
Rod StewartOh God, I Wish I Was Home Tonight
0%
Lani Hall and Herb AlpertCome What May
0%
The WhoSister Disco
0%
The TubesPrime Time
0%
Hilly MichaelsCalling All Girls
0%
ShoesCruel You
0%
Rod StewartI Was Only Joking
0%
Robin Lane and the Chartbusters I Don't Want to Know
0%
Andrew GoldGo Back Home Again
0%
Carly SimonWe're So Close
0%
Louise GoffinKid Blue
0%
NazarethHoliday
0%
ShoesIn My Arms Again
0%
Rod StewartOh God, I Wish I Was Home Tonight
0%
The WhoSister Disco
0%
The SelecterCelebrate the Bullet
0%
Rod StewartBlondes Have More Fun
0%
Lani Hall and Herb AlpertCome What May
0%
REO SpeedwagonOnly the Strong Survive
0%
The VaporsWaiting for the Weekend
0%

You're not logged in!

Compare scores with friends on all Sporcle quizzes.
OR
Log In

Sporcle TV

Today on Sporcle TV


Watch our educational content, quiz creation guides, and fun videos on Sporcle TV.

Show Comments

Extras

Top Quizzes Today


Score Distribution

Paid Content

Your Account Isn't Verified!

In order to create a playlist on Sporcle, you need to verify the email address you used during registration. Go to your Sporcle Settings to finish the process.

Report this User

Report this user for behavior that violates our Community Guidelines.

Details: